000 00391nam a22001697a 4500
005 20180717151635.0
008 160512b xxu||||| |||| 00| 0 eng d
020 _a81-7660-045-8
041 _aeng
082 _b1524
_a658.1511
100 _aRao, A.P.
_94538
245 _aManagement Accounting
260 _aPune
_bEPH,
_c2000
300 _a606p,
650 _aManagement
_9241
942 _cBK
999 _c623
_d623